Alle Torschützen für Dynamo Dresden seit 2010 - Statistiken

Allgemein
  • Dieses Quiz wurde 48 mal gespielt
    47 seit der letzten Aktualisierung
  • Das Durchschnittsergebnis liegt bei 53 aus 123
Antwortstatistiken
Tore im Verein Nation Position Spieler % Korrekt
51 2016-2017; seit 2022 Deutschland Stürmer Stefan Kutschke
100%
39 2020-2022; seit 2024 Deutschland Stürmer Christoph Daferner
95%
13 2015-2018; seit 2022 Deutschland Mittelfeld Niklas Hauptmann
95%
46 2014-2016 Deutschland Stürmer Justin Eilers
89%
6 seit 2022 Sri Lanka Abwehr Claudio Kammerknecht
81%
23 2018-2020 Senegal Stürmer Moussa Kone
81%
5 2010-2015 Spanien/Deutschland Mittelfeld Christian Fiel
78%
31 2022-2023; 2024 Türkei/Deutschland Mittelfeld Ahmet Arslan
76%
16 2015-2019 Syrien Mittelfeld Aias Aosman
73%
17 seit 2023 Deutschland Mittelfeld Jakob Lemmer
73%
2 seit 2024 Slowenien Mittelfeld Aljaz Casar
70%
7 2013-2017; 2020-2021 Deutschland Mittelfeld Marvin Stefaniak
70%
15 seit 2023 Deutschland Stürmer Robin Meißner
70%
4 2008-2012 Deutschland Mittelfeld Gerrit Müller
68%
6 2014-2020 Deutschland Abwehr Jannik Müller
68%
2 2015-2016 Deutschland Mittelfeld Jim-Patrick Müller
68%
17 2013-2021 Deutschland Mittelfeld Marco Hartmann
68%
22 2011-2014 Benin Stürmer Mickael Pote
68%
2 2012-2015 Deutschland Stürmer Tobias Müller
68%
3 seit 2021 Deutschland Mittelfeld Jonas Oehmichen
65%
11 2014-2016 Deutschland Abwehr Michael Hefele
65%
21 2015-2018 Deutschland Stürmer Pascal Testroet
65%
7 2017-2019; seit 2024 Deutschland Abwehr Philip Heise
65%
23 2010-2014 Deutschland Mittelfeld Robert Koch
65%
1 seit 2024 Kroatien Mittelfeld Vinko Sapina
65%
6 2018-2020 Türkei Mittelfeld Baris Atik
62%
1 2013-2014 Deutschland Mittelfeld Christoph Menz
62%
10 2021-2022 Dominikanische Republik Mittelfeld Heinz Mörschel
62%
6 2020 Deutschland Stürmer Patrick Schmidt
62%
5 2011-2014 Frankreich Abwehr Romain Bregerie
62%
10 2011 Deutschland Stürmer Dani Schahin
59%
2 seit 2024 Deutschland Abwehr David Kubatta
59%
1 2019-2024 Deutschland Abwehr Kevin Ehlers
59%
13 2020-2022 Ghana/Deutschland Stürmer Ransford-Yeboah Königsdörffer
59%
19 2011-2012; 2013-2014 Slowenien Stürmer Zlatko Dedic
59%
9 2012-2014 Algerien Mittelfeld Idir Ouali
57%
1 2022-2025 Deutschland Mittelfeld Oliver Batista Meier
57%
7 2020-2024 Griechenland Mittelfeld Panagiotis Vlachodimos
57%
9 2011-2013 Tschechien Stürmer Pavel Fort
57%
4 2017-2019 Togo Stürmer Peniel Mlapa
57%
2 2015-2017 Italien/Argentinien Abwehr Giuliano Modica
54%
11 2022-2024 Deutschland Stürmer Manuel Schäffler
54%
1 2014 Italien Mittelfeld Vincenzo Grifo
54%
17 2010-2011 Deutschland Stürmer Alexander Esswein
51%
3 2012-2014 Frankreich Mittelfeld Anthony Losilla
51%
2 2019-2022 Slowenien Stürmer Luka Stor
51%
4 seit 2023 Deutschland Mittelfeld Tony Menzel
51%
10 2016-2017; 2022-2023 Deutschland Mittelfeld Akaki Gogia
49%
1 2017-2020 Österreich Mittelfeld Patrick Möschl
49%
10 2020-2022 Österreich Stürmer Philipp Hosiner
49%
7 2014-2015 Niederlande Stürmer Sylvano Comvalius
49%
4 2019-2021 Schweden Stürmer Alexander Jeremejeff
46%
1 2018-2020 Dänemark Abwehr Brian Hamalainen
46%
3 2011-2014 Tschechien Mittelfeld Filip Trojan
46%
4 2017-2019 Bosnien-Herzegowina Mittelfeld Haris Duljevic
46%
1 seit 2024 Deutschland Mittelfeld Jonas Sterner
46%
1 2021-2024 Südkorea Mittelfeld Jong-Min Seo
43%
6 2014-2020; 2021 Deutschland Abwehr Niklas Kreuzer
43%
7 2020-2024 Deutschland Mittelfeld Paul Will
43%
2 2017-2020 Österreich Mittelfeld Sascha Horvath
43%
9 2010-2014 Deutschland Abwehr Sebastian Schuppan
43%
7 2015-2018 Deutschland Mittelfeld Andreas Lambertz
41%
1 2011-2014 Senegal Abwehr Cheikh Gueye
41%
13 2016-2019 Deutschland Mittelfeld Erich Berko
41%
1 2020 Tschechien Mittelfeld Josef Husbauer
41%
2 2021-2024 Deutschland Mittelfeld Luca Herrmann
41%
6 2013-2014 Algerien Stürmer Mohamed Amine Aoudia
41%
3 2020-2022 Deutschland Abwehr Sebastian Mai
41%
3 2020 Dänemark Stürmer Simon Makienok
41%
3 2020-2023 Deutschland Abwehr Tim Knipping
41%
3 2015-2017 Finnland Stürmer Tim Väyrynen
41%
1 seit 2023 Deutschland Mittelfeld Tom Berger
41%
2 2019-2022 Deutschland Abwehr Chris Löwe
38%
2 2009-2013 Deutschland Mittelfeld David Solga
38%
1 2014-2015 Deutschland Abwehr Dennis Erdmann
38%
8 2020-2023 Deutschland Mittelfeld Julius Kade
38%
1 2017-2022 Deutschland Mittelfeld Justin Löwe
38%
2 2012-2013 Frankreich Stürmer Lynel Kitambala
38%
6 2014-2017 Deutschland/Türkei Mittelfeld Sinan Tekerci
38%
4 2008-2011 Deutschland Stürmer Timo Röttger
38%
1 1999-2001; 2007-2013 Deutschland Abwehr Lars Jungnickel
35%
14 2017-2019 Deutschland Stürmer Lucas Röser
32%
5 2018-2020 Deutschland Mittelfeld Patrick Ebert
32%
1 2015-2016 Deutschland Mittelfeld Robert Andrich
32%
3 2022-2023 Deutschland Mittelfeld Christian Conteh
30%
15 2022-2024 Deutschland Stürmer Dennis Borkowski
30%
5 2016-2020 Deutschland Abwehr Florian Ballas
30%
6 2020-2023 Deutschland Mittelfeld Patrick Weihrauch
30%
1 2007-2011 Deutschland Abwehr Thomas Hübener
30%
5 2023-2024 Deutschland Mittelfeld Tom Zimmerschied
30%
1 2011-2012 Deutschland Abwehr Alexander Schnetzler
27%
2 2019-2020 Bosnien-Herzegowina Mittelfeld Dzenis Burnic
27%
2 2023-2024 Deutschland/Spanien Mittelfeld Lucas Cueto
27%
2 2014-2015 Niederlande Stürmer Furghill Zeldenrust
24%
2 2014-2016 Deutschland Mittelfeld Luca Dürholtz
24%
1 2021-2022 Deutschland Mittelfeld Morris Schröter
24%
3 2014-2017 Deutschland Abwehr Nils Teixeira
24%
1 2012-2013 Deutschland Mittelfeld Tobias Jänicke
24%
2 2021-2024 Deutschland Stürmer Julius Hoffmann
22%
4 2016-2018 Deutschland Mittelfeld Manuel Konrad
22%
2 2021-2023 Ghana/Deutschland Abwehr Michael Akoto
22%
1 2018-2020 Deutschland Stürmer Osman Atilgan
22%
1 2007-2012 Deutschland Mittelfeld Sascha Pfeffer
22%
3 2011-2013 Bosnien-Herzegowina Abwehr Muhammed Subasic
19%
1 2010-2011 Deutschland Abwehr Tim Kister
19%
4 2020-2022 Deutschland Mittelfeld Yannick Stark
19%
1 2013-2014 Kroatien Abwehr Adam Susac
14%
2 2020 Deutschland Mittelfeld Marco Terrazzino
14%
1 2011-2012 Deutschland Mittelfeld Marvin Knoll
14%
1 2010-2011 Norwegen Stürmer Tore Andreas Gundersen
14%
4 2018-2020 Deutschland Mittelfeld Jannis Nikolaou
11%
2 2007-2012 Deutschland Mittelfeld Maik Kegel
11%
1 2011-2012 Deutschland Abwehr Martin Stoll
11%
4 2017-2019 Deutschland Mittelfeld Rico Benatelli
11%
4 2013-2014 Deutschland Mittelfeld Tobias Kempe
11%
1 2018-2019 Bosnien-Herzegowina Abwehr Dario Dumic
8%
2 2010-2011 Österreich Stürmer Marc Sand
8%
4 2014-2016 Deutschland Stürmer Matthias Fetsch
8%
1 2013-2014 Deutschland Abwehr Thorsten Schulz
8%
8 2020-2022 Deutschland Stürmer Pascal Sohm
5%
2 2020-2023 Deutschland Abwehr Robin Becker
3%
1 2010-2011 Deutschland Abwehr Florian Grossert
0%
3 2022-2024 Deutschland Mittelfeld Jan Shcherbakovski
0%
Keine übereinstimmenden Quizze gefunden
Verteilung der Resultate
Anzahl Personen mit jedem Resultat
Perzentil nach korrekt beantworteten Fragen
Ihre Resultats-Entwicklung
Sie haben dieses Quiz seit der letzten Aktualisierung nicht gespielt